000 00569nam a2200169Ia 4500
005 20250508160032.0
008 008 250505s9999 xx 000 0 eng d
037 _aBooks to be hide in OPAC
040 _aFEDL
_beng
_cFEDL
041 _aeng
_2eng
084 _a379.549, HYD/O
_qFEDL
245 0 _aReport on public instruction in his highness the nizam's dominions for the year 1310 Fasli. 1900-1901
260 _aHyderabad, India
_bA Venoogopaul Pillai and Sons
_c1902
300 _a25p.
942 _cHB
_h379.549, HYD/O
999 _c1361278
_d1361278